000
00296nam a22001337a 4500
008
190226b xxu||||| |||| 00| 0 eng d
020
_a
9780803620582
041
_a
eng
080
_a
616-053.2
100
_a
8
101
_a
PED
245
_a
Pediatrics Success
_c
Richardson, B
942
_2
udc
_c
BK
999
_c
54309
_d
54309